000 00402 a2200145 4500
001 169232
020 _a
040 _cMagnum
100 _aLima, Leonardo Pereira
240 1 0 _aPratica de psicologia moderna - v.6 - relacoes humanas e personalidade
_lpor
245 1 0 _aPratica de psicologia moderna - v.6 - relacoes humanas e personalidade
362 0 _a1899
697 _aPSICOLOGIA
942 _cBK
999 _c169232
_d169232